Govt. of
Madhya Pradesh

शेखर एक जीवनी पहला भाग -उत्‍थान (Record no. 68370)

MARC details
000 -LEADER
fixed length control field 00371nam a22001097a 4500
082 ## - DEWEY DECIMAL CLASSIFICATION NUMBER
Classification number 920/AJN
100 ## - MAIN ENTRY--AUTHOR NAME
Personal name अज्ञेय
245 ## - TITLE STATEMENT
Title शेखर एक जीवनी पहला भाग -उत्‍थान
260 ## - PUBLICATION, DISTRIBUTION, ETC. (IMPRINT)
Place of publication नई दिल्‍ली
Name of publisher राजकमल पेपरबैक्‍स
Year of publication 2025
650 ## - SUBJECT ADDED ENTRY--TOPICAL TERM
Topical Term जीवनी
942 ## - ADDED ENTRY ELEMENTS (KOHA)
Koha item type Hindi Books
Holdings
Withdrawn status Lost status Damaged status Not for loan Home library Current library Date acquired Cost, normal purchase price Full call number Accession Number Price effective from Koha item type
        MACL MACL 25/10/2025 350.00 920/AJN DPI003986 25/10/2025 Hindi Books